| 000 | 00589nam a2200193 u 4500 | ||
|---|---|---|---|
| 005 | 20240228063628.0 | ||
| 008 | 080522s2006 es r 000 0 spa d | ||
| 020 | _a8496514641 | ||
| 035 | _aUPN01000156152 | ||
| 049 | _aI | ||
| 050 | 4 |
_aPZ13 _bC3.7 |
|
| 100 | 1 |
_aCalleja Pérez, Seve, _d1953- _933913 |
|
| 245 | 1 | 0 |
_aTe regalo mi cumpleaños / _cSeve Calleja ; il. Pep Montserrat. |
| 260 |
_aValencia, Esp. : _bAlgar, _c2006. |
||
| 300 |
_a72 p. : _bil. |
||
| 440 | 0 |
_aCalcetín amarillo ; _v18. _pApartir de 8 años |
|
| 650 | 4 |
_aLiteratura infantil española _95892 |
|
| 905 | _aInfantil | ||
| 999 |
_c128266 _d128266 |
||